000 01018nam a2200277Ia 4500
003 OSt
005 20220923211207.0
006 a|||||r|||| 00| 0
007 ta
008 220922b |||||||| |||| 00| 0 hin d
020 _a978 93 5064 091 3 (pbk)
_c125
024 _a324,834
037 _b397, 12/03/2018, Eastern Book Linkers
_cTextual
040 _aARTS
_cARTS
_bhin
041 _2hin
_ahin
082 _aO152,3N462x, Q2
100 _aवजाहत, असग़र, ले.
_9159409
245 0 _aमेरी प्रिय कहानियॉं
246 _aMerī priya kahāniyaॉan
260 _aदिल्ली
_b राजपाल एण्ड सन्ज़
_c2015
300 _a127पृ.
_ccm.
650 _a हिन्दी साहित्य
_9156264
650 _aहिन्दी कहानी
942 _hO152,3N462x, Q2
_cTEXL
_2CC
999 _c296633
_d296633